000 00307nam a2200109Ia 4500
008 160609s9999 xx 000 0 und d
100 _aNannicelli, Ted.
245 2 _aA Philosophy Of The Screenplay
245 _cBy:Ted Nannicelli
260 _c2015
856 _uhttp://file.ebook777.com/002/APhiOfTheScr.pdf
999 _c295658
_d295658